000 00718nam a2200289Ia 4500
005 20260324115809.0
008 008 260324s9999 xx 000 0 eng d
020 _a9781315367279
037 _aEBOOK
040 _aCRL
040 _beng
040 _cCRL
041 _2eng
041 _aeng
084 _qCRL
100 _aJohn W. Showalter; Leigh T. Williams
_91156048
245 0 _aMastering Physician Engagement
245 2 _bA Practical Guide to Achieving Shared Outcomes
260 _bTaylor and Francis
260 _c2016
365 _a
365 _b105
856 _uhttp://www.taylorfrancis.com/books/9781315367279
942 _cEBOOK
999 _c1747179
_d1747179